|
|
|
|
| LEADER |
00000nam0a2200000 4500 |
| 001 |
97792 |
| 005 |
20231031111113.0 |
| 035 |
|
|
|a (RuTPU)RU\TPU\book\104828
|
| 090 |
|
|
|a 97792
|
| 100 |
|
|
|a 20060605d1960 m y0rusy50 ca
|
| 101 |
0 |
|
|a rus
|
| 102 |
|
|
|a RU
|
| 105 |
|
|
|a a j 001zy
|
| 200 |
1 |
|
|a Каменные конструкции
|e учебное пособие
|f С. В. Поляков, Б. Н. Фалевич
|
| 210 |
|
|
|a Москва
|c Госстройиздат
|d 1960
|
| 215 |
|
|
|a 308 с.
|c ил.
|
| 320 |
|
|
|a Библиогр.: с. 306-307.
|
| 610 |
1 |
|
|a каменные конструкции
|
| 610 |
1 |
|
|a учебные пособия
|
| 610 |
1 |
|
|a материалы
|
| 610 |
1 |
|
|a каменная кладка
|
| 610 |
1 |
|
|a виды
|
| 610 |
1 |
|
|a расчет
|
| 610 |
1 |
|
|a проектирование
|
| 675 |
|
|
|a 693.1/2(02)
|v 3
|
| 700 |
|
1 |
|a Поляков
|b С. В.
|g Святослав Васильевич
|
| 701 |
|
1 |
|a Фалевич
|b Б. Н.
|g Борис Николаевич
|
| 801 |
|
1 |
|a RU
|b 63413507
|c 20060605
|g PSBO
|
| 801 |
|
2 |
|a RU
|b 63413507
|c 20070429
|g PSBO
|
| 942 |
|
|
|c BK
|